000 00593nam a2200205Ia 4500
005 20250508154328.0
008 008 250505s9999 xx 000 0 eng d
037 _aTextBook
040 _aFEDL
_beng
_cFEDL
041 _aeng
_2eng
084 _a300.7, MCL
_qFEDL
100 _aMcLendon Jonathon C
_9348513
245 0 _aSocial studies in secondary education
260 _aNew York, USA
_bThe Macmillan Company
_c1965
300 _axvii,556p
365 _aINR
_b39.37
650 _aSocial Science - Teaching
_9756799
942 _cTB
_h300.7, MCL
999 _c1349592
_d1349592